Austria City Quiz - Statistics

General Stats
  • This quiz has been taken 50 times
  • The average score is 5 of 6
Answer Stats
City % Correct
Vienna
100%
Linz
95%
Salzburg
95%
Graz
92%
Innsbruck
85%
Klagenfurt am Worthersee
56%
No matching quizzes found
Score Distribution
Percent of People with Each Score
Percentile by Number Answered
Your Score History
You have not taken this quiz